000
00258nam a22001097a 4500
008
240625b |||||||| |||| 00| 0 eng d
100
_a
Sudhirchandra, Sarkar
_9
15897
245
_a
Katha Guccha
260
_b
M.C. Sarkar
_c
1965.
300
_a
668p.
942
_c
BK
999
_c
39672
_d
39672